000 00539nam a2200169 4500
001 132574
003 ES-MaACL
007 t|
008 070214s1950 mx r ||||1| spa d
100 1 _aRommen, Heinrich.
_999475
245 1 0 _aDerecho natural /
_cEnrique Rommen ; introducción por Emile Marmy ; versión... Héctor González Uribe.
260 _aMéxico, D. F. :
_bJus,
_c1950.
300 _a222 p. ;
_c24 cm.
700 1 _aMarmy, Emile.
_976946
700 1 _aGonzález Uribe, Héctor.
_958999
852 _aES-MaACL
_jE-9208
_bR.93692
999 _c132574
_d132574